00277 a2200109 4500001000700000020000600007040001100013100004100024240004900065245004400114362000900158193215 a  cMagnum aSousa, Eustaquia Salvadora de (Org.)10aMeninos, a marcha ! meninas, a sombra !lpor10aMeninos, a marcha ! meninas, a sombra !0 a1899